01081pab a2200205 454500008004000000100002400040245005700064260000900121300001400130362000800144520050900152650001800661650001500679700001800694773002600712908000600738909001000744999001700754952010400771180718b2006 xxu||||| |||| 00| 0 eng d aSingh, Vijay Pratap aPerception of corruption and ethnic group membership c2006 ap.289-93. aOct aThis study investigated the relationship between the perception of corruption and ethnic group membership. Sample consisted of 50 High Caste Hindu (HCH). 50 Scheduled Caste Hindu (SCH) and 50 Muslim (M) subjects, between ages 20-30 years. Graduate and postgraduate students participated in the study. Results indicated that M Ss and HCH Ss have higher perception of corruption in overall and in four areas of corruption as compared to SCH Ss. The implications of the findings are indicated. - Reproduced. aEthnic groups aCorruption aGhosh, E.S.K. aPsychological Studies aN a73385 c73385d73385 00104070aIIPAbIIPAd2018-07-19hVolume no: 51, Issue no: 4pAR73845r2018-07-19w2018-07-19yAR